<?xml version="1.0" encoding="UTF-8"?>
<record
    xmlns:xsi="http://www.w3.org/2001/XMLSchema-instance"
    xsi:schemaLocation="http://www.loc.gov/MARC21/slim http://www.loc.gov/standards/marcxml/schema/MARC21slim.xsd"
    xmlns="http://www.loc.gov/MARC21/slim">

  <leader>01247nam0a22003011  4500</leader>
  <controlfield tag="001">v19\rc\1522102</controlfield>
  <controlfield tag="005">20250618172127.0</controlfield>
  <datafield tag="035" ind1=" " ind2=" ">
    <subfield code="a">(NLR Aleph) 004644198</subfield>
  </datafield>
  <datafield tag="090" ind1=" " ind2=" ">
    <subfield code="a">3335223</subfield>
    <subfield code="c">3335223</subfield>
  </datafield>
  <datafield tag="100" ind1=" " ind2=" ">
    <subfield code="a">20060620d1886    |||y0rusy50      ca</subfield>
  </datafield>
  <datafield tag="101" ind1="0" ind2=" ">
    <subfield code="a">rus</subfield>
  </datafield>
  <datafield tag="102" ind1=" " ind2=" ">
    <subfield code="a">RU</subfield>
  </datafield>
  <datafield tag="105" ind1=" " ind2=" ">
    <subfield code="a">y   z   |||||</subfield>
  </datafield>
  <datafield tag="200" ind1="1" ind2=" ">
    <subfield code="a">&#x412;&#x442;&#x43E;&#x440;&#x43E;&#x439; &#x430;&#x43B;&#x44C;&#x431;&#x43E;&#x43C; &#x43D;&#x430; &#x43F;&#x430;&#x43C;&#x44F;&#x442;&#x44C; &#x43E; &#x43D;&#x430;&#x448;&#x438;&#x445; &#x43E;&#x431;&#x449;&#x438;&#x445; &#x434;&#x440;&#x443;&#x437;&#x44C;&#x44F;&#x445;</subfield>
    <subfield code="e">[&#x426;&#x438;&#x442;&#x430;&#x442;&#x44B;, &#x43F;&#x43E;&#x441;&#x43B;&#x43E;&#x432;&#x438;&#x446;&#x44B;]</subfield>
    <subfield code="f">[&#x421;&#x43E;&#x441;&#x442;. &#x410;.&#x41D;. &#x41E;&#x441;&#x442;&#x440;&#x43E;&#x433;&#x43E;&#x440;&#x441;&#x43A;&#x438;&#x439;]</subfield>
  </datafield>
  <datafield tag="210" ind1=" " ind2=" ">
    <subfield code="a">&#x421;&#x430;&#x43D;&#x43A;&#x442;-&#x41F;&#x435;&#x442;&#x435;&#x440;&#x431;&#x443;&#x440;&#x433;</subfield>
    <subfield code="c">&#x442;&#x438;&#x43F;. &#x41C;.&#x41C;. &#x421;&#x442;&#x430;&#x441;&#x44E;&#x43B;&#x435;&#x432;&#x438;&#x447;&#x430;</subfield>
    <subfield code="d">&#x446;&#x435;&#x43D;&#x437;. 1886</subfield>
  </datafield>
  <datafield tag="215" ind1=" " ind2=" ">
    <subfield code="a">[2], 176 &#x441;.</subfield>
    <subfield code="d">10&#x445;15</subfield>
  </datafield>
  <datafield tag="300" ind1=" " ind2=" ">
    <subfield code="a">&#x421;&#x43E;&#x441;&#x442;. &#x443;&#x441;&#x442;&#x430;&#x43D;&#x43E;&#x432;&#x43B;&#x435;&#x43D; &#x43F;&#x43E; &#x438;&#x437;&#x434;.: &#x421;&#x431;&#x43E;&#x440;&#x43D;&#x438;&#x43A; &#x43F;&#x435;&#x434;&#x430;&#x433;&#x43E;&#x433;&#x438;&#x447;&#x435;&#x441;&#x43A;&#x438;&#x445; &#x441;&#x442;&#x430;&#x442;&#x435;&#x439; &#x432; &#x447;&#x435;&#x441;&#x442;&#x44C;... &#x410;.&#x41D;. &#x41E;&#x441;&#x442;&#x440;&#x43E;&#x433;&#x43E;&#x440;&#x441;&#x43A;&#x43E;&#x433;&#x43E;. &#x421;&#x43F;&#x431;., 1907, &#x441;. 493</subfield>
  </datafield>
  <datafield tag="300" ind1=" " ind2=" ">
    <subfield code="a">&#x417;&#x430;&#x433;&#x43B;. &#x43E;&#x431;&#x43B;.: &#x41D;&#x430; &#x43F;&#x430;&#x43C;&#x44F;&#x442;&#x44C; &#x43E; &#x43D;&#x430;&#x448;&#x438;&#x445; &#x43E;&#x431;&#x449;&#x438;&#x445; &#x434;&#x440;&#x443;&#x437;&#x44C;&#x44F;&#x445;</subfield>
  </datafield>
  <datafield tag="512" ind1="0" ind2=" ">
    <subfield code="a">&#x41D;&#x430; &#x43F;&#x430;&#x43C;&#x44F;&#x442;&#x44C; &#x43E; &#x43D;&#x430;&#x448;&#x438;&#x445; &#x43E;&#x431;&#x449;&#x438;&#x445; &#x434;&#x440;&#x443;&#x437;&#x44C;&#x44F;&#x445;</subfield>
  </datafield>
  <datafield tag="702" ind1=" " ind2="1">
    <subfield code="a">&#x41E;&#x441;&#x442;&#x440;&#x43E;&#x433;&#x43E;&#x440;&#x441;&#x43A;&#x438;&#x439;</subfield>
    <subfield code="b">&#x410;.&#x41D;.</subfield>
    <subfield code="4">220</subfield>
  </datafield>
  <datafield tag="801" ind1=" " ind2="0">
    <subfield code="a">RU</subfield>
    <subfield code="b">NLR</subfield>
    <subfield code="g">psbo</subfield>
  </datafield>
  <datafield tag="801" ind1=" " ind2="0">
    <subfield code="a">RU</subfield>
    <subfield code="b">RuMoRGB</subfield>
    <subfield code="2">psbo</subfield>
  </datafield>
  <datafield tag="801" ind1=" " ind2="1">
    <subfield code="a">RU</subfield>
    <subfield code="b">ProSoft-M</subfield>
    <subfield code="2">rusmarc</subfield>
  </datafield>
  <datafield tag="852" ind1=" " ind2=" ">
    <subfield code="a">NLR</subfield>
    <subfield code="j">18.119.8.20</subfield>
  </datafield>
  <datafield tag="852" ind1=" " ind2=" ">
    <subfield code="a">NLR</subfield>
    <subfield code="j">128/474</subfield>
  </datafield>
  <datafield tag="852" ind1=" " ind2=" ">
    <subfield code="a">NLR</subfield>
    <subfield code="j">80-2/3019</subfield>
  </datafield>
  <datafield tag="942" ind1=" " ind2=" ">
    <subfield code="c">BOOK</subfield>
  </datafield>
  <datafield tag="980" ind1=" " ind2=" ">
    <subfield code="a">NB</subfield>
  </datafield>
  <datafield tag="995" ind1=" " ind2=" ">
    <subfield code="5">2013-10-26</subfield>
    <subfield code="b">NLR02</subfield>
    <subfield code="c">NLR02</subfield>
    <subfield code="e">RFS</subfield>
    <subfield code="f">4644198-10</subfield>
    <subfield code="k">18.119.8.20</subfield>
    <subfield code="o">0</subfield>
    <subfield code="r">BOOK</subfield>
    <subfield code="s">18119820_</subfield>
  </datafield>
  <datafield tag="995" ind1=" " ind2=" ">
    <subfield code="5">2013-10-26</subfield>
    <subfield code="b">NLR02</subfield>
    <subfield code="c">NLR02</subfield>
    <subfield code="e">RFS</subfield>
    <subfield code="f">4644198-20</subfield>
    <subfield code="k">128/474</subfield>
    <subfield code="o">0</subfield>
    <subfield code="r">BOOK</subfield>
    <subfield code="s">128474_</subfield>
  </datafield>
  <datafield tag="995" ind1=" " ind2=" ">
    <subfield code="5">2013-10-26</subfield>
    <subfield code="b">NLR01</subfield>
    <subfield code="c">NLR01</subfield>
    <subfield code="e">RF9</subfield>
    <subfield code="f">4644198-30</subfield>
    <subfield code="k">80-2/3019</subfield>
    <subfield code="o">0</subfield>
    <subfield code="r">BOOK</subfield>
    <subfield code="s">8023019_</subfield>
  </datafield>
</record>
